| 000 | 00712nam a2200229Ia 4500 | ||
|---|---|---|---|
| 001 | 9265 | ||
| 003 | GE_BSU | ||
| 008 | 181216s||||||||xx |||||||||||||| ||und|| | ||
| 040 | _cGE_BSU | ||
| 080 | _a621.311 | ||
| 100 | _aЛипкин,Б.Ю. | ||
| 245 | _aЭлектроснабжение промышленных предприятий и установок. | ||
| 245 | _bУчеб. | ||
| 245 | _cРед. С.М.Оводова. | ||
| 260 | _aМ. | ||
| 260 | _bВысш. школа. | ||
| 260 | _c1975. | ||
| 300 | _a360 стр. с илл. 21 см. | ||
| 300 | _eтабл. | ||
| 653 | _aЭлектроснабжение промышленных предприятий и установок. | ||
| 942 | _cBK | ||
| 999 |
_c42566 _d42566 |
||